| 000 | 01016nam a2200265 i 4500 | ||
|---|---|---|---|
| 001 | 94106 | ||
| 003 | ES-MaACL | ||
| 005 | 20250825070453.0 | ||
| 007 | t| | ||
| 008 | 050621s2004 sp ||||1| spa d | ||
| 020 | _a84-8444-809-6 | ||
| 080 | _a351.82(460) | ||
| 100 | 1 |
_aAriño Ortiz, Gaspar. _922842 |
|
| 245 | 1 | 0 |
_aPrincipios de derecho público económico _b: (modelo de estado, gestión pública, regulación económica) / _cGaspar Ariño Ortiz ; con la colaboración de Lucía López de Castro García-Morato ... [et al.]. |
| 250 | _a[3ª ed. amp.]. | ||
| 260 |
_aGranada : _bComares, _c2004. |
||
| 300 |
_aL, 1089 p. ; _c24 cm. |
||
| 490 | 1 | _aBiblioteca Comares de ciencia jurídica | |
| 504 | _aBibliografía: p. [1071]-1089. | ||
| 650 | 7 |
_aDerecho administrativo económico _2embne _911647 |
|
| 700 | 1 |
_aLópez de Castro García-Morato, Lucía _973534 |
|
| 830 | 0 |
_aBiblioteca Comares de ciencia jurídica _9179318 |
|
| 852 |
_aES-MaACL _jL-29190 _bR.135784 |
||
| 999 |
_c94106 _d94106 |
||